1420 1818 1244 1459 1403 1239 1115 1877 1846 1660 1772 1180 1782 1844 1627 1114 1945 1382 1331 1718 1494 1461 1180 1250 1694 1075 1886 1860 1467 1499 1969 1140 1546 1102 1363 1612 1777 1467 1409 1984 1628 1567 1314 1180 1130 1875 1293 1013 1537 1715 1936 1758 1399 1670 1943 1912 1712 1084 1906 1808 1944 1135 1698 1074 1264 1134 1116 1913 1117 1323 1235 1630 1713 1974 1979 1655 1463 1158 1939 1395 1022 1402 1422 1654 1898 1599 1212 1079 1944 1544 1834 1845 1990 1458 1236 1131 1384 1398 1849 BCNSPRNW ULIB Ver.6.0+V

เปลี่ยนเป็นภาษาไทย

Change to English
 แสดงรายละเอียดบรรณานุกรม
  กลับหน้าหลัก

Brief Record : Get Marc (ISO 2709) : E-mail record : QR code < ปิดหน้าต่าง
LEADER : 00000nam 2200000uu 4500
001    13399111237
003     ULIB
008    110621s2552||||th 000 0 tha d
020    9789744664198
060 04 WW290^bม321ต
100 0  มัญชิมา มะกรวัฒนะ
245 10 ต้อหิน ภัยเงียบ-- ที่จะพรากแสงสว่างจากคุณไปตลอดกาล /^cมัญชิมา มะกรวัฒนะ
250    พิมพ์ครั้งที่ 1
260    ปทุมธานี :^bโรงพิมพ์มหาวิทยาลัยธรรมศาสตร์,^c2552
300    115 หน้า :^bภาพประกอบสี ;^c22 ซม.
650  2 Glaucoma
650  2 Glaucoma^xsurgery
650  7 ต้อหิน
650  7 ต้อหิน^xการรักษา
650  7 ตา, โรค
945    ^p120^l0^i18098
995    กัณชพร
999 ^a ใช้งานได้ทุกระบบ
รายการนี้ยังไม่มีแท็ก
คุณยังไม่ได้ล็อกอิน คุณสามารถมีกิจกรรมร่วมกับเว็บไซต์ได้ แต่ต้องล็อกอินก่อน ::
  ล็อกอิน

รายการสื่อสารสนเทศ

ลำดับที่ ประเภท เลขเรียก/บาร์โค้ด สถานที่ สถานะ
- ไม่พบข้อมูล -

รายการใกล้เคียง
    ผู้แต่ง [มัญชิมา มะกรวัฒนะ]

    หัวเรื่อง [Glaucoma]
    หัวเรื่อง [ต้อหิน]
    หัวเรื่อง [ตา, โรค]

BibComment


ยังไม่เคยถูกคอมเมนท์

คอมเมนท์ทรัพยากรรายการนี้
  คอมเมนท์: ต้อหิน ภัยเงียบ ท..


 Copyright 2026. Bcnsprnw @Library